000 00450nmm a2200157Ia 4500
008 251105s9999||||xx |||||||||||||||||und||
020 _a9788416213665
041 _aspa
100 _aAngelou, Maya
245 0 _aYo sé por qué canta el pájaro enjaulado
264 _a[Madrid, España] :
_bLibros del asteroide,
_c2016
300 _a352 páginas
650 _aBiography
856 _uhttps://public.digitaliapublishing.com/a/50539
942 _cCF
999 _c77383
_d77383